| 000 | 00503naa a2200157 a 4500 | ||
|---|---|---|---|
| 001 | 3117 | ||
| 003 | CDMR | ||
| 005 | 20130404183601.0 | ||
| 008 | 130130s ||||||||||||r|||||||||||||||d | ||
| 040 |
_aCDMR _bcat _cCDMR |
||
| 100 | 1 |
_aGeis, Camil _92276 |
|
| 245 | 1 | 0 |
_aPeriodistes gironins mestres en Gai Saber _b: conferència, llegida a Ràdio Barcelona : dia 17 de juny |
| 650 | 0 | 4 |
_92277 _aPeriodistes _zGirona |
| 773 | 0 |
_tAssociació de Periodistes de Barcelona _g1933, II, p.145-157 _w315 |
|
| 942 |
_cCAP _2udc |
||
| 999 |
_c3117 _d3117 |
||